00723nam a2200205 i 450000100060000000300090000600500170001500700030003200800410003510000430007624500890011925000120020826000340022030000300025465000280028470000360031285200310034899900170037995201210039688207ES-MaACL20250723094629.0t|050103s1974 sp ||||1| spa d1 aLaidler, Keith J. (d1916-2003)96966610aFundamentos de química / cKeith J. Laidler ; [traducción de José A. Burriel]. a2ª ed. aMadrid : bParaninfo, c1974. a427 p. : bil. ; c22 cm.07aQuímica2embne9166251 aBurriel, José Antonio.932771 aES-MaACLjE-7049 bR.91552 c88207d88207 00104070aATENEOMbATENEOMcDEPO2d2008-01-17eSCl0oE-7049p1092142r2023-02-23 00:00:00w2023-02-23yMONOGRAFIA